Tort law and alternatives: Case and materials

Na minha lista:
Detalhes bibliográficos
Autor principal: Franklin, Marc A.
Formato: Livro
Idioma:Undetermined
Publicado em: Mineola, New York The Foundation Press 1983
Assuntos:
Tags: Adicionar Tag
Sem tags, seja o primeiro a adicionar uma tag!
Thư viện lưu trữ: Trung tâm Học liệu Trường Đại học Cần Thơ
LEADER 00573nam a2200205Ia 4500
001 CTU_42826
008 210402s9999 xx 000 0 und d
082 |a 346.7303 
082 |b F833 
100 |a Franklin, Marc A. 
245 0 |a Tort law and alternatives: 
245 0 |b Case and materials 
245 0 |c Marc A. Franklin, Robert L. Rabin 
260 |a Mineola, New York 
260 |b The Foundation Press 
260 |c 1983 
650 |a Torts 
650 |z United states - cases 
904 |i Minh, 010814 
980 |a Trung tâm Học liệu Trường Đại học Cần Thơ